000 00426nam a2200169Ia 4500
003 GCL
008 140319s9999 xx 000 0 eng d
040 _aGCL /
_cGCL
082 0 4 _a759.55
_bC P
100 1 _aCANBY, SHEILA R.
245 1 0 _aPERSIAN PAINTING /
_cCANBY, SHEILA R.
260 _a[S.N] :
_bBRITISH MUSEUM PRESS ،
_c1993
300 _a128
650 0 4 _aPAINTING
650 0 4 _aPERSIAN PAINTING
942 _2ddc
_cBK
999 _c25351
_d25351